000
00342nam a2200145Ia 4500
008
230312s9999||||xx |||||||||||||| ||und||
020
_a
9789699739583
082
_a
891.4
_b
FAR-A
100
_a
فرخ سہیل گوئنری
245
0
_a
اتاترک
260
_b
Jamhori
_a
pak
_c
2016
300
_a
568
650
_a
Literature
942
_c
BK
999
_c
15028
_d
15028